Listening Extra. 2 Audio CDs : (Record no. 14767)
[ view plain ]
| 000 -LEADER | |
|---|---|
| fixed length control field | 00735nam a22001817a 4500 |
| 008 - FIXED-LENGTH DATA ELEMENTS--GENERAL INFORMATION | |
| fixed length control field | 101013t xxu||||| |||| 00| 0 eng d |
| 020 ## - INTERNATIONAL STANDARD BOOK NUMBER | |
| International Standard Book Number | 0521754623 |
| 020 ## - INTERNATIONAL STANDARD BOOK NUMBER | |
| International Standard Book Number | 9780521754620 |
| 082 ## - DEWEY DECIMAL CLASSIFICATION NUMBER | |
| Classification number | 428.34 |
| Item number | CRA |
| 100 1# - MAIN ENTRY--PERSONAL NAME | |
| Personal name | Craven, Miles |
| 9 (RLIN) | 20363 |
| 245 ## - TITLE STATEMENT | |
| Title | Listening Extra. 2 Audio CDs : |
| Remainder of title | A resource book of multi-level skills activities / |
| Statement of responsibility, etc | Miles Craven |
| 260 ## - PUBLICATION, DISTRIBUTION, ETC. (IMPRINT) | |
| Place of publication, distribution, etc | Cambridge : |
| Name of publisher, distributor, etc | Cambridge University Press, 2004. |
| Date of publication, distribution, etc | 2004 |
| 300 ## - PHYSICAL DESCRIPTION | |
| Extent | 2 sound discs (154 min.) : |
| Other physical details | digital, stereo. ; |
| Dimensions | 4 3/4 in. |
| 650 ## - SUBJECT ADDED ENTRY--TOPICAL TERM | |
| 9 (RLIN) | 10860 |
| Topical term or geographic name as entry element | English language |
| General subdivision | Study and teaching-- Foreign speakers |
| 650 ## - SUBJECT ADDED ENTRY--TOPICAL TERM | |
| 9 (RLIN) | 10347 |
| Topical term or geographic name as entry element | English language |
| General subdivision | Spoken English |
| Form subdivision | Problems, exercises, etc. |
| 650 ## - SUBJECT ADDED ENTRY--TOPICAL TERM | |
| 9 (RLIN) | 10349 |
| Topical term or geographic name as entry element | Listening |
| Form subdivision | Problems, exercises, etc. |
| 942 ## - ADDED ENTRY ELEMENTS (KOHA) | |
| Source of classification or shelving scheme | Dewey Decimal Classification |
| Item type | |
| Withdrawn status | Lost status | Source of classification or shelving scheme | Damaged status | Not for loan | Koha collection | Location (home branch) | Sublocation or collection (holding branch) | Shelving location | Date acquired | Source of acquisition | Koha issues (times borrowed) | Koha renewals | Koha full call number | Piece designation (barcode) | Koha date last seen | Koha date last borrowed | Price effective from | Koha item type | Public note |
|---|---|---|---|---|---|---|---|---|---|---|---|---|---|---|---|---|---|---|---|
| Dewey Decimal Classification | Baccah | Central Library | Central Library | Second Floor | 13/10/2010 | 5 | 3 | 428.34 CRA | 000022378 | 24/08/2022 | 14/03/2012 | 13/10/2010 | CD | DVD - (NB) | 2 Audio CDs | |||||
| Dewey Decimal Classification | Baccah | Central Library | Central Library | Second Floor | 13/10/2010 | 3 | 1 | 428.34 CRA | 000022379 | 24/08/2022 | 17/09/2012 | 13/10/2010 | CD | DVD - (NB) | 2 Audio CDs |